| 000 | 00598nam a2200217Ia 4500 | ||
|---|---|---|---|
| 005 | 20250425161825.0 | ||
| 008 | 250425s9999 xx 000 0 und d | ||
| 020 | _a9978860606 | ||
| 041 | _aspa | ||
| 082 | _a341.02636 | ||
| 245 | 0 | _aCODIGO DE COMERCIO , LEY DE ALMACENES GENERALES DE DEPOSITO,REGLAMENTOS | |
| 250 | _aS.E. | ||
| 260 |
_aEcuador _bCORPORACION DE ESTUDIOS Y PUBLICACIONES _c1997 |
||
| 260 | _aS.L. | ||
| 300 | _a225 | ||
| 500 | _av. 6-2 actualizadas a mayo de 1997 | ||
| 650 | _aALMACENES-REGLAMENTOS | ||
| 650 | _aCODIGO DE COMERCIO | ||
| 942 | _c01 | ||
| 010 | _a31188 | ||
| 999 |
_c216854 _d216854 |
||